000 00589nmm a2200169Ia 4500
008 251105s9999||||xx |||||||||||||||||und||
020 _a9788437078854
041 _aspa
100 _aSirera Miralles, Carles
245 0 _aUn título para las clases medias :
_b El instituto de bachillerato Lluís Vives de Valencia, 1859-1902
264 _a[Madrid, España] :
_bPublicaciones de la Universidad de Valencia (PUV),
_c2011
300 _a370 páginas
490 _aHistoria
650 _aHistory of Europe: Spain
856 _uhttps://public.digitaliapublishing.com/a/35265
942 _cCF
999 _c82542
_d82542